[Event "Krasnograd Christmas op"]
[Site "Krasnograd"]
[Date "2018.01.19"]
[Round "7"]
[White "Osmetkin, Anatoly"]
[Black "Lopez Ortiz, Juan"]
[Result "0-1"]
[WhiteElo "2179"]
[BlackElo "2218"]
[PlyCount "59"]
[EventDate "2018.01.15"]
[EventType "swiss"]
[EventRounds "9"]
[EventCountry "UKR"]
[SourceTitle "CBM 182 Extra"]
[Source "ChessBase"]
[SourceDate "2018.02.23"]
[SourceVersion "1"]
[SourceVersionDate "2018.02.23"]
[SourceQuality "1"]

1. e4 c5 2. Nf3 d6 3. d4 cxd4 4. Nxd4 Nf6 5. Nc3 g6 6. Be2 Bg7 7. 0-0 0-0 8. Bg5 Nc6 9. Nb3 Be6 10. f4 b5 11. Bf3 b4 12. Nd5 a5 13. Nxf6+ exf6 14. Bh4 Rc8 15. f5 Bc4 16. Re1 Ne5 17. Nd4 Re8 18. a3 d5 19. axb4 axb4 20. b3 dxe4 21. Bxe4 Bd5 22. Qd2 Bf8 23. Bf2 Ng4 24. Bxd5 Qxd5 25. Rxe8 Rxe8 26. Nf3 Qxd2 27. Nxd2 Re2 28. Be1 Bc5+ 29. Kf1 Re8 30. Rc1 0-1

[Event "Nevinnomyssk Rating 5th"]
[Site "Nevinnomyssk"]
[Date "2010.09.??"]
[Round "6"]
[White "Osmetkin, Anatoly"]
[Black "Berdychevskaya, Natasha"]
[Result "1-0"]
[WhiteElo "2212"]
[BlackElo "2210"]
[PlyCount "59"]
[EventDate "2010.09.29"]
[EventType "swiss"]
[EventRounds "9"]
[EventCountry "RUS"]
[SourceTitle "EXT 2013"]
[Source "ChessBase"]
[SourceDate "2012.11.22"]
[SourceVersion "1"]
[SourceVersionDate "2012.11.22"]
[SourceQuality "1"]

1. e4 d6 2. d4 Nd7 3. Nc3 e5 4. Nf3 c6 5. Bc4 Be7 6. Be3 Ngf6 7. h3 0-0 8. a4 b6 9. 0-0 h6 10. Re1 Qc7 11. Qd2 a6 12. Rad1 Bb7 13. Bb3 b5 14. dxe5 dxe5 15. axb5 axb5 16. Nh4 b4 17. Ne2 Nxe4 18. Qxd7 Rac8 19. Nf5 Bf6 20. Qxc7 Rxc7 21. Neg3 Nxg3 22. Nxg3 c5 23. Bc4 Rcc8 24. Nf5 Rc7 25. Rd6 Be4 26. Bd3 Bxf5 27. Bxf5 Be7 28. Rd7 Rxd7 29. Bxd7 Rd8 30. Bb5 1-0

[Event "Nevinnomyssk Rating 5th"]
[Site "Nevinnomyssk"]
[Date "2010.09.??"]
[Round "5"]
[White "Osmetkin, Anatoly"]
[Black "Boulgakov, Timur"]
[Result "1-0"]
[WhiteElo "2212"]
[BlackElo "2023"]
[PlyCount "45"]
[EventDate "2010.09.29"]
[EventType "swiss"]
[EventRounds "9"]
[EventCountry "RUS"]
[SourceTitle "EXT 2013"]
[Source "ChessBase"]
[SourceDate "2012.11.22"]
[SourceVersion "1"]
[SourceVersionDate "2012.11.22"]
[SourceQuality "1"]

1. d4 g6 2. c4 Bg7 3. Nc3 Nf6 4. e4 d6 5. h3 0-0 6. Be3 e5 7. d5 Ne8 8. g4 f5 9. gxf5 gxf5 10. exf5 Bxf5 11. Be2 Nd7 12. Bg4 Bg6 13. h4 Nef6 14. Be2 Ne4 15. h5 Nxc3 16. bxc3 Be4 17. Bf3 Bxf3 18. Nxf3 Qf6 19. Ng5 Bh6 20. Rg1 Kh8 21. Qd2 Nb6 22. Qd3 c6 23. Qxh7# 1-0